000 00372pab a2200157 454500
008 180718b2014 xxu||||| |||| 00| 0 eng d
100 _aPhilip, Prateep V.
245 _aA new discipline to revolutionise education
260 _c2014
300 _ap.41-44.
362 _a17 Feb
650 _aEducation
773 _aUniversity News
908 _aN
909 _a103056
999 _c103053
_d103053